000 00265nam a22001217a 4500
008 170512b xxu||||| |||| 00| 0 eng d
041 _aeng
080 _a94
100 _a16
101 _aSHH
245 _aPERPLASJA E IDENTITETEVE
_cKULLASHI, M
942 _2udc
_cBK
999 _c13295
_d13295